| 000 | 00539nam a22001697a 4500 | ||
|---|---|---|---|
| 999 |
_c478396 _d478396 |
||
| 003 | NUST | ||
| 005 | 20180528064246.0 | ||
| 008 | 180528b ||||| |||| 00| 0 eng d | ||
| 020 | _a9780486467412 | ||
| 038 | _aSNS Library | ||
| 082 | _a530.220151 | ||
| 100 |
_aLinus Pauling and E. Bright Wilson, jr. _910542 |
||
| 245 |
_aIntroduction to Quantum Mechanics With Applications to Chemistry _cLinus Pauling and E. Bright Wilson, jr. |
||
| 260 |
_aNew Yorrk _bDover Publications, INC _c1962 |
||
| 300 |
_a468 P. _bPb. |
||
| 942 |
_2ddc _cBK |
||